[Event "Quebec-ch"]
[Site "Montreal CAN"]
[Date "1988.06.11"]
[Round "3"]
[White "Leveille, Francois"]
[Black "Bolduc, Steve"]
[Result "1-0"]
[WhiteElo "2230"]
[BlackElo "2230"]
[PlyCount "83"]
[GameId "2160767912586204"]
[EventDate "1988.06.09"]
[EventType "tourn"]
[EventRounds "11"]
[EventCountry "CAN"]
[EventCategory "1"]
[SourceTitle "EXT 88b"]

1. d4 c5 2. d5 g6 3. Nf3 Bg7 4. c4 d6 5. e4 e5 6. Nc3 Ne7 7. Bd3 O-O 8. h3 f5 9. Ng5 f4 10. Bd2 Nxd5 11. Nxd5 Qxg5 12. Nc7 Qxg2 13. Rf1 Nc6 14. Nxa8 Bxh3 15. Nc7 Nd4 16. Bc3 Bg4 17. Qa4 Nf3+ 18. Kd1 Nh2+ 19. Kd2 Nxf1+ 20. Rxf1 h5 21. Qxa7 h4 22. Qxb7 h3 23. Qd5+ Rf7 24. Ne8 Bf8 25. Nf6+ Kg7 26. Ne8+ Kg8 27. Nxd6 Bxd6 28. Qxd6 Rd7 29. Qxg6+ Kf8 30. Qf6+ Ke8 31. Qxe5+ Kd8 32. Qb8+ Ke7 33. Qe5+ Kd8 34. Ba5+ Kc8 35. Qxc5+ Kb7 36. Qb5+ Kc8 37. c5 h2 38. c6 h1=Q 39. cxd7+ Bxd7 40. Qc5+ Kb8 41. Qc7+ Ka8 42. Qd8+ 1-0

[Event "Quebec-ch"]
[Site "Montreal CAN"]
[Date "1988.06.12"]
[Round "4"]
[White "Leveille, Francois"]
[Black "Ibrahim, Anthony"]
[Result "1/2-1/2"]
[WhiteElo "2230"]
[BlackElo "2260"]
[PlyCount "89"]
[GameId "2160767912586212"]
[EventDate "1988.06.09"]
[EventType "tourn"]
[EventRounds "11"]
[EventCountry "CAN"]
[EventCategory "1"]
[SourceTitle "EXT 88b"]

1. d4 d5 2. c4 e6 3. Nf3 c5 4. cxd5 exd5 5. g3 Nc6 6. Bg2 Nf6 7. O-O Be7 8. dxc5 Bxc5 9. Bg5 Be6 10. Nc3 O-O 11. Bxf6 Qxf6 12. Nxd5 Qxb2 13. Nc7 Rad8 14. Qc1 Qxc1 15. Raxc1 b6 16. Nxe6 fxe6 17. Bh3 e5 18. Kg2 h6 19. Rc4 Rfe8 20. Bf5 Nd4 21. Nxd4 Rxd4 22. Rxd4 exd4 23. Bd3 Kf7 24. h4 Kf6 25. f4 h5 26. Kf2 Bb4 27. Rg1 Bd6 28. Rb1 Rc8 29. Rb5 Rc5 30. Kf3 Rxb5 31. Bxb5 Bb4 32. Be8 g6 33. g4 hxg4+ 34. Kxg4 Bd2 35. Bb5 Be1 36. Bd3 Bd2 37. f5 gxf5+ 38. Bxf5 b5 39. Bd3 b4 40. Kf3 a5 41. Ke4 Bc3 42. Kd5 Kg7 43. h5 a4 44. Kc5 a3 45. Kc4 1/2-1/2

[Event "Quebec-ch"]
[Site "Montreal CAN"]
[Date "1988.06.13"]
[Round "5"]
[White "Ibrahim, Anthony"]
[Black "Bolduc, Steve"]
[Result "0-1"]
[WhiteElo "2260"]
[BlackElo "2230"]
[PlyCount "20"]
[GameId "2160767912586216"]
[EventDate "1988.06.09"]
[EventType "tourn"]
[EventRounds "11"]
[EventCountry "CAN"]
[EventCategory "1"]
[SourceTitle "EXT 88b"]

1. e4 c5 2. Nf3 Nf6 3. Nc3 Nc6 4. d4 d5 5. exd5 Nxd5 6. Bb5 Bg4 7. O-O cxd4 8. Nxd4 Bxd1 9. Nxc6 Nxc3 10. Nxd8+ Nxb5 0-1

[Event "Quebec-ch"]
[Site "Montreal CAN"]
[Date "1988.06.13"]
[Round "5"]
[White "Morin, Yves"]
[Black "Leveille, Francois"]
[Result "1-0"]
[WhiteElo "2210"]
[BlackElo "2230"]
[PlyCount "45"]
[GameId "2160767912586217"]
[EventDate "1988.06.09"]
[EventType "tourn"]
[EventRounds "11"]
[EventCountry "CAN"]
[EventCategory "1"]
[SourceTitle "EXT 88b"]

1. Nf3 Nc6 2. g3 e5 3. d3 d5 4. Bg2 Bg4 5. Nbd2 f5 6. c4 e4 7. Nh4 exd3 8. cxd5 Nb4 9. O-O Bxe2 10. Re1 Nc2 11. Rxe2+ dxe2 12. Qxe2+ Qe7 13. Qb5+ Kf7 14. Ndf3 Nxa1 15. d6 Qxd6 16. Ng5+ Kf6 17. Qxf5+ Ke7 18. Qf7+ Kd8 19. Ne6+ Qxe6 20. Qxe6 c6 21. Bg5+ Be7 22. Bxe7+ Nxe7 23. Bh3 1-0

[Event "Quebec-ch"]
[Site "Montreal CAN"]
[Date "1988.06.15"]
[Round "6"]
[White "Ibrahim, Anthony"]
[Black "Morin, Yves"]
[Result "0-1"]
[WhiteElo "2260"]
[BlackElo "2210"]
[PlyCount "78"]
[GameId "2160767912586221"]
[EventDate "1988.06.09"]
[EventType "tourn"]
[EventRounds "11"]
[EventCountry "CAN"]
[EventCategory "1"]
[SourceTitle "EXT 88b"]

1. e4 e6 2. d4 d5 3. Nd2 Nf6 4. Bd3 Be7 5. e5 Nfd7 6. Ne2 b6 7. O-O Ba6 8. c4 c5 9. Re1 Qc7 10. Nf4 dxc4 11. Be4 Bb7 12. d5 Nxe5 13. dxe6 f6 14. Bxb7 Qxb7 15. Rxe5 fxe5 16. Qh5+ Kd8 17. Qxe5 Nc6 18. Qxg7 Kc7 19. Nxc4 Rag8 20. Nd5+ Kd8 21. Nd6 Rxg7 22. Nxb7+ Kc8 23. Nxe7+ Kxb7 24. Nf5 Rg6 25. e7 Nxe7 26. Nxe7 Re8 27. Be3 Rxe7 28. h4 Kc6 29. Kf1 b5 30. Rc1 c4 31. b3 Kd5 32. Rd1+ Ke5 33. bxc4 bxc4 34. f3 Rc6 35. g4 c3 36. Ke2 c2 37. f4+ Kf6 38. g5+ Kf5 39. Rd5+ Kg4 0-1

[Event "Quebec-ch"]
[Site "Montreal CAN"]
[Date "1988.06.15"]
[Round "6"]
[White "Leveille, Francois"]
[Black "Roy, Alain"]
[Result "0-1"]
[WhiteElo "2230"]
[BlackElo "2129"]
[PlyCount "84"]
[GameId "2160767912586224"]
[EventDate "1988.06.09"]
[EventType "tourn"]
[EventRounds "11"]
[EventCountry "CAN"]
[EventCategory "1"]
[SourceTitle "EXT 88b"]

1. d4 Nf6 2. c4 g6 3. Nc3 Bg7 4. e4 d6 5. Be2 O-O 6. Nf3 e5 7. d5 Nbd7 8. O-O Nc5 9. Qc2 a5 10. Bg5 h6 11. Be3 Nfd7 12. Nd2 f5 13. f3 f4 14. Bf2 g5 15. Kh1 Nf6 16. a3 g4 17. b4 Na6 18. c5 g3 19. Bg1 gxh2 20. Bf2 Nh5 21. cxd6 cxd6 22. bxa5 Bf6 23. Rfc1 Bh4 24. Bb6 Qg5 25. Nc4 Qg6 26. Nb5 Be7 27. Bf2 Kh8 28. Bf1 Rg8 29. Nb6 Bh3 30. Be1 Raf8 31. Ra2 Nc5 32. Qc4 Nxe4 33. Qxe4 Bf5 34. Qe2 e4 35. Nd4 exf3 36. Nxf3 Bf6 37. Rc7 Re8 38. Qd1 Rxe1 39. Qxe1 Re8 40. Be2 Ng3+ 41. Kxh2 Qh5+ 42. Kg1 Qh1+ 0-1

[Event "Quebec-ch"]
[Site "Montreal CAN"]
[Date "1988.06.16"]
[Round "7"]
[White "Dupuis, Stephane"]
[Black "Leveille, Francois"]
[Result "0-1"]
[WhiteElo "2230"]
[BlackElo "2230"]
[PlyCount "68"]
[GameId "2160767912586227"]
[EventDate "1988.06.09"]
[EventType "tourn"]
[EventRounds "11"]
[EventCountry "CAN"]
[EventCategory "1"]
[SourceTitle "EXT 88b"]

1. Nf3 c5 2. g3 Nf6 3. Bg2 d5 4. O-O e6 5. d3 Nc6 6. Nbd2 Be7 7. e4 O-O 8. Re1 b5 9. e5 Nd7 10. Nf1 a5 11. h4 b4 12. Bf4 Ba6 13. N1h2 a4 14. a3 c4 15. dxc4 Bxc4 16. Bh3 bxa3 17. bxa3 Nc5 18. Nd4 Nxd4 19. Qxd4 Qc7 20. Bg5 Bxg5 21. hxg5 Ne4 22. Nf3 Qe7 23. Nd2 Nxd2 24. Qxd2 Rab8 25. Bg4 Rfc8 26. Kg2 Rb2 27. Rh1 Rxc2 28. Rxh7 Rxd2 29. Rah1 Rxf2+ 30. Kxf2 Qc5+ 31. Kg2 Kf8 32. g6 Bd3 33. Rh8+ Ke7 34. Rxc8 Qxc8 0-1

[Event "Quebec-ch"]
[Site "Montreal CAN"]
[Date "1988.06.16"]
[Round "7"]
[White "Morin, Yves"]
[Black "Bolduc, Steve"]
[Result "1/2-1/2"]
[WhiteElo "2210"]
[BlackElo "2230"]
[PlyCount "21"]
[GameId "2160767912586229"]
[EventDate "1988.06.09"]
[EventType "tourn"]
[EventRounds "11"]
[EventCountry "CAN"]
[EventCategory "1"]
[SourceTitle "EXT 88b"]

1. Nf3 c5 2. g3 Nc6 3. Bg2 e5 4. d3 d6 5. c4 g6 6. Nc3 Bg7 7. O-O Nge7 8. Ne1 Be6 9. Nc2 Qd7 10. Nd5 f6 11. Nce3 1/2-1/2

[Event "Quebec-ch"]
[Site "Montreal CAN"]
[Date "1988.06.16"]
[Round "7"]
[White "Roy, Alain"]
[Black "Ibrahim, Anthony"]
[Result "0-1"]
[WhiteElo "2129"]
[BlackElo "2260"]
[PlyCount "64"]
[GameId "2160767912586230"]
[EventDate "1988.06.09"]
[EventType "tourn"]
[EventRounds "11"]
[EventCountry "CAN"]
[EventCategory "1"]
[SourceTitle "EXT 88b"]

1. d4 d5 2. c4 e6 3. Nc3 c5 4. cxd5 cxd4 5. Qa4+ Bd7 6. Qxd4 exd5 7. Nf3 Nc6 8. Qd1 Bb4 9. g3 Bg4 10. Nd4 Qa5 11. Nxc6 Bxc3+ 12. bxc3 Qxc3+ 13. Bd2 Qxc6 14. Rc1 Qd7 15. Bc3 Nf6 16. Bxf6 gxf6 17. Bg2 d4 18. Qb3 O-O 19. Qxb7 Qxb7 20. Bxb7 Rab8 21. Rc7 Rfe8 22. O-O Bxe2 23. Bd5 Bxf1 24. Kxf1 Red8 25. Bxf7+ Kh8 26. Bb3 d3 27. Ke1 a5 28. Rc4 d2+ 29. Kd1 Rd6 30. Re4 a4 31. Bc2 Rb2 32. Rc4 Rxa2 0-1

[Event "Quebec-ch"]
[Site "Montreal CAN"]
[Date "1988.06.18"]
[Round "8"]
[White "Ibrahim, Anthony"]
[Black "Dupuis, Stephane"]
[Result "0-1"]
[WhiteElo "2260"]
[BlackElo "2230"]
[PlyCount "88"]
[GameId "2160767912586233"]
[EventDate "1988.06.09"]
[EventType "tourn"]
[EventRounds "11"]
[EventCountry "CAN"]
[EventCategory "1"]
[SourceTitle "EXT 88b"]

1. e4 e5 2. Nf3 Nc6 3. Bb5 f5 4. Nc3 fxe4 5. Bxc6 dxc6 6. Nxe4 Nf6 7. Nxf6+ Qxf6 8. Qe2 Bf5 9. Qxe5+ Qxe5+ 10. Nxe5 Bxc2 11. d3 Bd6 12. Kd2 Ba4 13. b3 Bb5 14. Bb2 O-O 15. Ke3 c5 16. Rac1 a5 17. a4 Rae8 18. f4 Bc6 19. d4 cxd4+ 20. Bxd4 Bxg2 21. Rhg1 Bd5 22. Rc3 Re7 23. Rg4 Be6 24. Rg5 Bb4 25. Rd3 Bf5 26. Rd1 Bc2 27. Rdg1 Bxb3 28. Kd3 Rxf4 29. Ng4 Rd7 30. Rxg7+ Rxg7 31. Nh6+ Kf8 32. Bxg7+ Ke8 33. Be5 Bc4+ 34. Ke3 Bc5+ 35. Kxf4 Bxg1 36. Kf5 Bd3+ 37. Ke6 c5 38. Ng4 Kd8 39. Nf6 Bc2 40. h4 Bd4 41. Bd6 Bb3+ 42. Nd5 Kc8 43. Bf4 b6 44. Kd6 Kb7 0-1

[Event "Quebec-ch"]
[Site "Montreal CAN"]
[Date "1988.06.18"]
[Round "8"]
[White "Leveille, Francois"]
[Black "Auger, Bertrand"]
[Result "1-0"]
[WhiteElo "2230"]
[BlackElo "1969"]
[PlyCount "67"]
[GameId "2160767912586235"]
[EventDate "1988.06.09"]
[EventType "tourn"]
[EventRounds "11"]
[EventCountry "CAN"]
[EventCategory "1"]
[SourceTitle "EXT 88b"]

1. d4 d5 2. c4 c6 3. Nf3 Nf6 4. Nc3 dxc4 5. a4 Bf5 6. e3 e6 7. Bxc4 Bb4 8. O-O a5 9. Qe2 O-O 10. Rd1 Bg6 11. h3 Nbd7 12. Nh4 Nd5 13. Nxg6 hxg6 14. Bd2 Nxc3 15. bxc3 Bd6 16. Rab1 Qc7 17. e4 Rac8 18. h4 Rfe8 19. h5 Nf8 20. e5 Be7 21. hxg6 Nxg6 22. Bd3 Nf8 23. Be4 Red8 24. Rb3 b6 25. Rdb1 Rb8 26. g3 c5 27. Be3 cxd4 28. cxd4 Bb4 29. Kg2 g6 30. Rh1 Qe7 31. Qg4 f5 32. Bg5 Qg7 33. Rf3 Rxd4 34. Bf6 1-0

[Event "Quebec-ch"]
[Site "Montreal CAN"]
[Date "1988.06.18"]
[Round "8"]
[White "Morin, Yves"]
[Black "Roy, Alain"]
[Result "1-0"]
[WhiteElo "2210"]
[BlackElo "2129"]
[PlyCount "69"]
[GameId "2160767912586236"]
[EventDate "1988.06.09"]
[EventType "tourn"]
[EventRounds "11"]
[EventCountry "CAN"]
[EventCategory "1"]
[SourceTitle "EXT 88b"]

1. e4 d6 2. d4 Nf6 3. Nc3 g6 4. g3 Bg7 5. Bg2 O-O 6. Nge2 e5 7. h3 Nbd7 8. O-O exd4 9. Nxd4 Re8 10. Re1 c6 11. Bf4 Ne5 12. b3 Qa5 13. Nde2 Nh5 14. Bd2 Qc7 15. g4 Nf6 16. Ng3 b5 17. g5 b4 18. Nce2 Bxh3 19. gxf6 Bxg2 20. Kxg2 Bxf6 21. Bxb4 Rad8 22. Qd2 Qd7 23. Bc3 h5 24. f4 Qg4 25. fxe5 dxe5 26. Qe3 h4 27. Qf3 Qg5 28. Rf1 Re6 29. Rad1 Rxd1 30. Rxd1 hxg3 31. Bd2 Qh5 32. Qxh5 gxh5 33. Nxg3 Rd6 34. Nf5 Rd7 35. Kf3 1-0

[Event "Quebec-ch"]
[Site "Montreal CAN"]
[Date "1988.06.19"]
[Round "9"]
[White "Auger, Bertrand"]
[Black "Ibrahim, Anthony"]
[Result "0-1"]
[WhiteElo "1969"]
[BlackElo "2260"]
[PlyCount "72"]
[GameId "2160767912586237"]
[EventDate "1988.06.09"]
[EventType "tourn"]
[EventRounds "11"]
[EventCountry "CAN"]
[EventCategory "1"]
[SourceTitle "EXT 88b"]

1. Nf3 Nf6 2. c4 e6 3. g3 d5 4. Bg2 c5 5. O-O Nc6 6. cxd5 exd5 7. d4 Be7 8. Nc3 O-O 9. Bg5 cxd4 10. Nxd4 h6 11. Bxf6 Bxf6 12. e3 Nxd4 13. exd4 Be6 14. Qd2 Rc8 15. Rac1 Qa5 16. Rfd1 Bg4 17. f3 Bg5 18. f4 Bf6 19. Re1 Rc4 20. Re5 Bxe5 21. fxe5 Qb4 22. a3 Rxd4 23. Qf2 Qb6 24. Nxd5 Rd1+ 25. Rxd1 Qxf2+ 26. Kxf2 Bxd1 27. Ne7+ Kh8 28. Bxb7 Rb8 29. Bd5 Rxb2+ 30. Ke3 Bb3 31. Bc6 Be6 32. a4 Rxh2 33. Bb5 Rg2 34. Kf4 g5+ 35. Kf3 Rc2 36. g4 Rc3+ 0-1

[Event "Quebec-ch"]
[Site "Montreal CAN"]
[Date "1988.06.19"]
[Round "9"]
[White "Barbeau, Sylvain"]
[Black "Leveille, Francois"]
[Result "1-0"]
[WhiteElo "2355"]
[BlackElo "2230"]
[PlyCount "127"]
[GameId "2160767912586238"]
[EventDate "1988.06.09"]
[EventType "tourn"]
[EventRounds "11"]
[EventCountry "CAN"]
[EventCategory "1"]
[SourceTitle "EXT 88b"]

1. d4 Nf6 2. c4 e6 3. Nc3 Bb4 4. e3 O-O 5. Nge2 d5 6. a3 Be7 7. Nf4 c5 8. dxc5 Bxc5 9. cxd5 exd5 10. Nfxd5 Nxd5 11. Qxd5 Qe7 12. Bd3 Be6 13. Qh5 f5 14. O-O Nd7 15. b4 Ne5 16. Be2 Bb6 17. Na4 g6 18. Qh6 Nf7 19. Qh3 f4 20. Bg4 Bxg4 21. Qxg4 Ne5 22. Qh3 f3 23. Nxb6 axb6 24. g3 Rf5 25. Rd1 Rh5 26. Qf1 Qe6 27. Rd4 b5 28. Re4 Qc6 29. Rd4 g5 30. Bb2 Nc4 31. Bc3 Rc8 32. Rad1 Qe8 33. Ba1 Rh6 34. Rd7 Qh5 35. h3 Qxh3 36. Qxh3 Rxh3 37. Rg7+ Kf8 38. Rxg5 Rc6 39. Bd4 Ke8 40. Rg8+ Kf7 41. Rg7+ Ke6 42. Rxb7 Nxa3 43. Bc5 Nc4 44. Re7+ Kf6 45. Rdd7 Ne5 46. Rxh7 Nxd7 47. Rxh3 Kg6 48. g4 Nxc5 49. bxc5 Rxc5 50. Kh2 b4 51. Kg3 b3 52. Rh1 b2 53. Rb1 Rc2 54. Kxf3 Kf6 55. Kg3 Ke5 56. f4+ Ke4 57. g5 Re2 58. g6 Rxe3+ 59. Kg4 Re2 60. Kg5 Rg2+ 61. Kf6 Kd3 62. f5 Kc2 63. Rxb2+ Kxb2 64. Kg7 1-0

[Event "Quebec-ch"]
[Site "Montreal CAN"]
[Date "1988.06.19"]
[Round "9"]
[White "Dupuis, Stephane"]
[Black "Morin, Yves"]
[Result "0-1"]
[WhiteElo "2230"]
[BlackElo "2210"]
[PlyCount "62"]
[GameId "2160767912586239"]
[EventDate "1988.06.09"]
[EventType "tourn"]
[EventRounds "11"]
[EventCountry "CAN"]
[EventCategory "1"]
[SourceTitle "EXT 88b"]

1. e4 e6 2. d4 d5 3. Nc3 Bb4 4. e5 c5 5. a3 Bxc3+ 6. bxc3 Ne7 7. Qg4 Qc7 8. Qxg7 Rg8 9. Qxh7 cxd4 10. Ne2 Nbc6 11. f4 dxc3 12. Qd3 Bd7 13. Rb1 d4 14. Ng3 Nf5 15. Ne4 O-O-O 16. g4 Rxg4 17. Bh3 Nxe5 18. Qe2 Rh4 19. Bg2 Nc4 20. Nxc3 Ncd6 21. Na2 Bc6 22. Nb4 Bxg2 23. Qxg2 Nc4 24. Rb3 Nce3 25. Bxe3 Nxe3 26. Qe4 Rxf4 27. Qd3 a5 28. Na6 Qxc2 29. Qe2 Qxe2+ 30. Kxe2 d3+ 31. Rxd3 Ng4 0-1

[Event "Quebec-ch"]
[Site "Montreal CAN"]
[Date "1988.06.19"]
[Round "9"]
[White "Roy, Alain"]
[Black "Bolduc, Steve"]
[Result "1-0"]
[WhiteElo "2129"]
[BlackElo "2230"]
[PlyCount "133"]
[GameId "2160767912586242"]
[EventDate "1988.06.09"]
[EventType "tourn"]
[EventRounds "11"]
[EventCountry "CAN"]
[EventCategory "1"]
[SourceTitle "EXT 88b"]

1. Nf3 b5 2. e4 Bb7 3. Bxb5 Bxe4 4. Nc3 Bg6 5. O-O c6 6. Ba4 e6 7. d4 d5 8. Re1 Bb4 9. Ne5 Ne7 10. Bg5 f6 11. Nxg6 Nxg6 12. Bd2 Kf7 13. Qh5 Qb6 14. a3 Bd6 15. Ne2 Qa6 16. Bb3 Nd7 17. Bb4 Bxb4 18. axb4 Qb6 19. Nf4 Rhe8 20. c3 a5 21. Bc2 Ndf8 22. bxa5 Qxb2 23. Bxg6+ hxg6 24. Qh3 Qd2 25. Nd3 Kg8 26. Rec1 Re7 27. a6 e5 28. Qe3 Qxe3 29. fxe3 Rea7 30. Nb4 Kf7 31. Ra5 Ke6 32. c4 exd4 33. exd4 Nd7 34. Re1+ Kf7 35. cxd5 cxd5 36. Nxd5 Nb8 37. Nb4 Rd7 38. d5 Rd6 39. a7 Nd7 40. Rc1 Rb6 41. Nc6 Rb7 42. Nd8+ Rxd8 43. a8=Q Rxa8 44. Rxa8 Ne5 45. Rac8 Ke7 46. R8c7+ Rxc7 47. Rxc7+ Kd6 48. Rxg7 Kxd5 49. Kf2 Ke4 50. Ra7 Kf4 51. Ra4+ Kg5 52. h3 Kh5 53. Ke3 Kg5 54. Ke4 Nd7 55. Rd4 f5+ 56. Kd5 Kf6 57. Rb4 Kg5 58. Ke6 Nc5+ 59. Kf7 Nd3 60. Rd4 Ne5+ 61. Ke6 Nc6 62. Rd6 Na5 63. Kf7 Nc4 64. Rxg6+ Kh4 65. Kf6 Ne3 66. Ke5 Kh5 67. Rg3 1-0

[Event "Quebec-ch"]
[Site "Montreal CAN"]
[Date "1988.06.20"]
[Round "10"]
[White "Ibrahim, Anthony"]
[Black "Barbeau, Sylvain"]
[Result "0-1"]
[WhiteElo "2260"]
[BlackElo "2355"]
[PlyCount "120"]
[GameId "2160767912586245"]
[EventDate "1988.06.09"]
[EventType "tourn"]
[EventRounds "11"]
[EventCountry "CAN"]
[EventCategory "1"]
[SourceTitle "EXT 88b"]

1. e4 c5 2. Nf3 Nc6 3. d4 cxd4 4. Nxd4 Nf6 5. Nc3 d6 6. Bg5 Bd7 7. Qd2 Rc8 8. O-O-O Nxd4 9. Qxd4 Qa5 10. Bxf6 gxf6 11. Kb1 Qc5 12. Qxc5 Rxc5 13. Be2 f5 14. exf5 Bxf5 15. Rd5 Rxd5 16. Nxd5 Be4 17. Ne3 h5 18. Re1 h4 19. f3 Bc6 20. h3 Kd8 21. Nf5 Bd7 22. Bd3 Rh5 23. Nd4 Rg5 24. Bf1 e5 25. Nb3 f5 26. Nd2 Rg3 27. c3 Ke7 28. Kc2 Kf6 29. Nc4 b6 30. Rd1 Ke6 31. Re1 Bc6 32. Ne3 d5 33. Kb3 a5 34. a4 Bh6 35. Ka3 Kf6 36. Nc2 Bb7 37. b4 Bd2 38. Rd1 Bxc3 39. bxa5 Bxa5 40. Ne3 e4 41. Nxd5+ Bxd5 42. Rxd5 exf3 43. gxf3 Rxf3+ 44. Bd3 Ke6 45. Rd4 Ke5 46. Rd7 Rxh3 47. Kb2 Rh2+ 48. Kb3 Rf2 49. Rh7 Kd4 50. Rd7+ Ke3 51. Kc4 Rf4+ 52. Kb5 Rb4+ 53. Kc6 Rd4 54. Rxd4 Kxd4 55. Bxf5 Ke5 56. Bd7 Kf4 57. Kd5 Kg3 58. Ke4 h3 59. Bc6 Kg2 60. Kf4+ Kg1 0-1

[Event "Quebec-ch"]
[Site "Montreal CAN"]
[Date "1988.06.20"]
[Round "10"]
[White "Morin, Yves"]
[Black "Auger, Bertrand"]
[Result "1-0"]
[WhiteElo "2210"]
[BlackElo "1969"]
[PlyCount "36"]
[GameId "2160767912586247"]
[EventDate "1988.06.09"]
[EventType "tourn"]
[EventRounds "11"]
[EventCountry "CAN"]
[EventCategory "1"]
[SourceTitle "EXT 88b"]

1. e4 e5 2. Nf3 d6 3. d4 exd4 4. Nxd4 g6 5. Nc3 Bg7 6. Bc4 Nc6 7. Be3 Nge7 8. Bb3 a6 9. Nxc6 Nxc6 10. Qd2 h6 11. h4 b5 12. Qd5 Qd7 13. O-O-O Bb7 14. Qd2 Na5 15. Nd5 Nxb3+ 16. axb3 Bxd5 17. Qxd5 O-O 18. e5 Bxe5 1-0

[Event "Quebec-ch"]
[Site "Montreal CAN"]
[Date "1988.06.20"]
[Round "10"]
[White "Roy, Alain"]
[Black "Dupuis, Stephane"]
[Result "1-0"]
[WhiteElo "2129"]
[BlackElo "2230"]
[PlyCount "29"]
[GameId "2160767912586248"]
[EventDate "1988.06.09"]
[EventType "tourn"]
[EventRounds "11"]
[EventCountry "CAN"]
[EventCategory "1"]
[SourceTitle "EXT 88b"]

1. d4 Nf6 2. Nf3 g6 3. Nc3 Bg7 4. e4 O-O 5. Be2 d6 6. h3 c6 7. O-O b5 8. e5 Ne8 9. Bf4 f6 10. exd6 Nxd6 11. Re1 b4 12. Na4 Qa5 13. c3 Kh8 14. cxb4 Qh5 15. Ng5 1-0

[Event "Quebec-ch"]
[Site "Montreal CAN"]
[Date "1988.06.22"]
[Round "11"]
[White "Auger, Bertrand"]
[Black "Roy, Alain"]
[Result "1-0"]
[WhiteElo "1969"]
[BlackElo "2129"]
[PlyCount "103"]
[GameId "2160767912586249"]
[EventDate "1988.06.09"]
[EventType "tourn"]
[EventRounds "11"]
[EventCountry "CAN"]
[EventCategory "1"]
[SourceTitle "EXT 88b"]

1. Nf3 Nf6 2. c4 g6 3. g3 Bg7 4. Bg2 O-O 5. O-O d6 6. d4 Nbd7 7. Nc3 e5 8. e4 c6 9. h3 Qc7 10. Be3 exd4 11. Nxd4 Re8 12. Qc2 a5 13. Rfd1 Nc5 14. Ndb5 cxb5 15. Nxb5 Qe7 16. Nxd6 Ncxe4 17. Nxe4 Nxe4 18. Qxe4 Qxe4 19. Bxe4 Bxh3 20. Bxb7 Rab8 21. Bc6 Rec8 22. Bb5 Bxb2 23. Rab1 Bc3 24. a4 Bf5 25. c5 Bxb1 26. Rxb1 Be5 27. Rc1 Rc7 28. Kf1 h5 29. Ke2 Kg7 30. Kd3 Kf6 31. f4 Bb2 32. Rb1 Ba3 33. Bd4+ Ke7 34. Re1+ Kf8 35. Kc4 Rbc8 36. Re5 Rd8 37. Rd5 Rxd5 38. Kxd5 Ke7 39. c6 Bb4 40. Bb6 Rc8 41. c7 Bd6 42. Kc6 Bxc7 43. Bxc7 h4 44. gxh4 Rh8 45. Bxa5 Rxh4 46. Bc7 g5 47. fxg5 Rg4 48. a5 Rxg5 49. Bd6+ Kd8 50. a6 Rxb5 51. Kxb5 Kc8 52. Kb6 1-0

[Event "Quebec-ch"]
[Site "Montreal CAN"]
[Date "1988.06.22"]
[Round "11"]
[White "Barbeau, Sylvain"]
[Black "Morin, Yves"]
[Result "1/2-1/2"]
[WhiteElo "2355"]
[BlackElo "2210"]
[PlyCount "127"]
[GameId "2160767912586250"]
[EventDate "1988.06.09"]
[EventType "tourn"]
[EventRounds "11"]
[EventCountry "CAN"]
[EventCategory "1"]
[SourceTitle "EXT 88b"]

1. d4 Nf6 2. c4 e6 3. Nc3 Bb4 4. e3 b6 5. Nge2 Ba6 6. a3 Be7 7. Nf4 d5 8. cxd5 Bxf1 9. Kxf1 exd5 10. g4 g5 11. Nh5 Nxh5 12. gxh5 Qd7 13. Qf3 c6 14. h4 g4 15. Qf4 f5 16. Qe5 O-O 17. Qf4 Qe6 18. Ne2 Nd7 19. Ng3 Kh8 20. h6 Rf7 21. Qc7 Rff8 22. Bd2 Bd6 23. Qxc6 Rfc8 24. Qb5 Bxg3 25. fxg3 Nf6 26. Qd3 Ne4 27. Be1 Rc6 28. Rh2 Rac8 29. Re2 Qxh6 30. Kg2 Qd6 31. Bf2 Rc4 32. Rf1 Rc1 33. Rxc1 Rxc1 34. Rc2 Rxc2 35. Qxc2 Qd7 36. a4 Kg7 37. Be1 Kf7 38. b3 Ke7 39. a5 bxa5 40. Bxa5 Qb7 41. Be1 Kd7 42. Qd3 Ke6 43. Qc2 Qa6 44. Bb4 Kd7 45. Be1 Qb5 46. Qd1 Kc6 47. Kg1 Kb7 48. Kg2 Qa6 49. Qc2 Qa1 50. Bb4 a5 51. Bd2 h6 52. b4 Nxd2 53. Qxd2 a4 54. b5 a3 55. Qa5 Qb2+ 56. Kf1 Qc1+ 57. Kf2 Qc2+ 58. Ke1 a2 59. Qa6+ Kb8 60. Qb6+ Kc8 61. Qa6+ Kd7 62. Qb7+ Ke6 63. Qa6+ Kf7 64. Qb7+ 1/2-1/2

[Event "Quebec-ch"]
[Site "Montreal CAN"]
[Date "1988.06.22"]
[Round "11"]
[White "Dupuis, Stephane"]
[Black "Bolduc, Steve"]
[Result "1/2-1/2"]
[WhiteElo "2230"]
[BlackElo "2230"]
[PlyCount "23"]
[GameId "2160767912586251"]
[EventDate "1988.06.09"]
[EventType "tourn"]
[EventRounds "11"]
[EventCountry "CAN"]
[EventCategory "1"]
[SourceTitle "EXT 88b"]

1. e4 c5 2. Nf3 Nf6 3. Nc3 Nc6 4. d4 d5 5. exd5 Nxd5 6. Bb5 Bg4 7. O-O cxd4 8. Qxd4 Bxf3 9. gxf3 Nb6 10. Qe4 Qd6 11. Bf4 Qg6+ 12. Kh1 1/2-1/2

[Event "Quebec-ch U16"]
[Site "Montreal CAN"]
[Date "1988.03.03"]
[Round "1"]
[White "Carrier, Michel"]
[Black "Glass, Martin"]
[Result "1/2-1/2"]
[WhiteElo "1405"]
[BlackElo "1443"]
[PlyCount "67"]
[GameId "2160767912586480"]
[EventDate "1988.03.03"]
[EventType "tourn"]
[EventRounds "7"]
[EventCountry "CAN"]
[SourceTitle "hb 2014"]

1. e4 c5 2. Nf3 d6 3. d4 cxd4 4. Nxd4 Nf6 5. Nc3 g6 6. Be3 Bg7 7. Bc4 O-O 8. O-O Nc6 9. f4 Nxe4 10. Nxe4 d5 11. Nxc6 bxc6 12. Bd3 dxe4 13. Bxe4 Qc7 14. c3 Rb8 15. Qc2 Ba6 16. Rf2 Rb7 17. f5 Rfb8 18. Bf4 Be5 19. Bxe5 Qxe5 20. b3 Rc7 21. fxg6 hxg6 22. Rd1 c5 23. c4 Bb7 24. Bd3 Rd8 25. Rfd2 Rcd7 26. h3 Be4 27. Bxe4 Rxd2 28. Rxd2 Rxd2 29. Qxd2 Qxe4 30. Qa5 Qe5 31. Qxa7 Qe1+ 32. Kh2 Qe5+ 33. g3 Qe2+ 34. Kg1 1/2-1/2

[Event "Quebec-ch U16"]
[Site "Montreal CAN"]
[Date "1988.03.03"]
[Round "1"]
[White "Lavoie, Denis"]
[Black "Levesque, Sylvain"]
[Result "1-0"]
[WhiteElo "1450"]
[BlackElo "1511"]
[PlyCount "67"]
[GameId "2160767912586481"]
[EventDate "1988.03.03"]
[EventType "tourn"]
[EventRounds "7"]
[EventCountry "CAN"]
[SourceTitle "hb 2014"]

1. d4 Nf6 2. c4 e6 3. Nc3 d5 4. Bg5 Bb4 5. e3 O-O 6. a3 Ba5 7. b4 Bxb4 8. axb4 h6 9. Bh4 g5 10. Bg3 Re8 11. Bd3 c6 12. Bxb8 Rxb8 13. Rxa7 Qb6 14. Ra4 Bd7 15. c5 Qc7 16. Nf3 b6 17. Ne5 bxc5 18. Qf3 Qd8 19. Ra7 Rf8 20. bxc5 Rb3 21. Ne2 Kg7 22. O-O Qe7 23. Nxc6 Qe8 24. Ne5 Bb5 25. Bxb5 Qxb5 26. Rfa1 Ne4 27. Ng3 Nxg3 28. Qxg3 Qe2 29. Qf3 Qb2 30. Ra8 f5 31. Qh5 Rf6 32. Qe8 Qxf2+ 33. Kxf2 h5 34. Qh8# 1-0